Les récipiendaires connus du prix Nobel - Statistiques

Statistiques générales
  • Ce quiz a été pris 62 fois
  • Le résultat moyen est 12 sur 64
Statistiques - réponses
Hint Réponse % Correct
Prix nobel de physique en 1903 Marie Curie
90%
Prix nobel de chimie en 1911 Marie Curie
90%
Prix nobel de physique en 1903 Pierre Curie
88%
Prix nobel de la paix en 2009 Barack Obama
77%
Prix nobel de physique en 1921 Albert Einstein
73%
Prix nobel de la paix en 1993 Nelson Mandela
62%
Prix nobel de littérature en 1964 Jean-Paul Sartre
54%
Prix nobel de littérature en 1957 Albert Camus
46%
Prix nobel de littérature en 2016 Bob Dylan
33%
Prix nobel de la paix en 1964 Martin Luther King, Jr.
31%
Prix nobel de littérature en 1921 Anatole France
25%
Prix nobel de la paix en 1984 Desmond Tutu
25%
Prix nobel de littérature en 1954 Ernest Hemingway
25%
Prix nobel de la paix en 1979 Mère Teresa
25%
Prix nobel de physique en 1903 Henri Becquerel
23%
Prix nobel de la paix en 2002 Jimmy Carter
23%
Prix nobel de la paix en 1994 Yasser Arafat
23%
Prix nobel de littérature en 1947 André Gide
21%
Prix nobel de la paix en 1917 Comité international de la Croix-Rouge
21%
Prix nobel de la paix en 1944 Comité international de la Croix-Rouge
21%
Prix nobel de la paix en 1963 Comité international de la Croix-Rouge Fédération de la Croix-Rouge et du Croissant-Rouge
21%
Prix nobel de la paix en 1963 (2) Fédération de la Croix-Rouge et du Croissant-Rouge
21%
Prix nobel de physique en 1918 Max Planck
21%
Premier prix nobel de littérature en 1901 Sully Prudhomme
21%
Prix nobel d'économie en 2020 Robert B. Wilson
17%
Prix nobel de la paix en 1919 Woodrow Wilson
17%
Prix nobel de littérature en 1952 François Mauriac
15%
Prix nobel de littérature en 1969 Samuel Beckett
15%
Prix nobel de la paix en 1906 Theodore Roosevelt
15%
Prix nobel de la paix en 1999 Médecins sans frontières
13%
Autre prix nobel de la paix en 1994 Shimon Peres
13%
Prix nobel de médecine en 1945 Alexander Fleming
12%
Prix nobel de physique en 1938 Enrico Fermi
12%
Prix nobel de la paix en 2007 Al Gore
10%
Prix nobel de la paix en 2012 Union européenne
10%
Prix nobel de physique en 1932 Werner Heisenberg
10%
Prix nobel de littérature en 1962 John Steinbeck
8%
Prix nobel de littérature en 1960 Saint-John Perse
8%
Prix nobel d'économie en 2019 Esther Duflo
6%
Prix nobel de la paix en 2001 Kofi Annan
6%
Prix nobel de physique en 1929 Louis de Broglie
6%
Prix nobel de littérature en 2020 Louise Glück
6%
Prix nobel de la paix en 1990 Mikhaïl Gorbachev
6%
Prix nobel de la paix en 1977 Amnesty International
4%
Prix nobel de chimie en 2020 Emmanuelle Charpentier
4%
Prix nobel de la paix en 1953 George Marshall
4%
Prix nobel de chimie en 1954 Linus Pauling
4%
Prix nobel de la paix en 1962 Linus Pauling
4%
Prix nobel de la paix en 1968 René Cassin
4%
Prix nobel de la paix en 1975 Andrei Sakharov
2%
Prix nobel de la paix en 1920 Léon Bourgeois
2%
Prix nobel de la paix en 1951 Léon Jouhaux
2%
Prix nobel d'économie en 1976 Milton Friedman
2%
Prix nobel de physique en 2020 (3) Andrea M. Ghez
0%
Prix nobel de médecine en 2020 (2) Charles M. Rice
0%
Prix nobel de médecine en 2020 (1) Harvey J. Alter
0%
Prix nobel de chimie en 2020 (2) Jennifer Doudna
0%
Prix nobel de la paix en 1907 Louis Renault
0%
Prix nobel de médecine en 2020 Michael Houghton
0%
Prix nobel d'économie en 2020 (2) Paul Milgrom
0%
Prix nobel de la paix en 2020 Programme alimentaire mondial
0%
Prix nobel de physique en 2020 (2) Reinhard Genzel
0%
Prix nobel de physique en 2020 Roger Penrose
0%
Prix nobel de physique en 2020 (4) Tahar Herri
0%
Aucun quiz correspondant
Distribution des résultats
% des personnes avec chaque résultat
Percentile par nombre de réponses
Votre historique - résultats
Vous n’avez pas pris ce quiz